| 000 | 01075nam a2200265Ia 4500 | ||
|---|---|---|---|
| 003 | OSt | ||
| 005 | 20221005105436.0 | ||
| 006 | a|||||r|||| 00| 0 | ||
| 007 | ta | ||
| 008 | 221004b |||||||| |||| 00| 0 san d | ||
| 020 |
_a9789383963300 (hbk) _cINR 895.00 |
||
| 024 | _a66199 | ||
| 037 |
_b278, 13/01/2020, Eastern Book Linkers _cTextual |
||
| 040 |
_aCRL _cCRL _bsan |
||
| 041 |
_2san _asan |
||
| 082 | _aP15, 152Q9 | ||
| 100 | _aमिश्र, सन्तोषकुमार, ले. | ||
| 245 | 0 | _aमानव जीवन में संस्कृत की उपादेयता | |
| 246 | _aMānav jīvan mean sanskṛut kī upādeyatā | ||
| 260 |
_aनई दिल्ली _bप्रशांत बुक डिस्ट्रीब्यूटर्स भारत _c2019 |
||
| 300 |
_a240पृ0 _ccm. |
||
| 650 | _aसंस्कृत भाषा | ||
| 942 |
_hP15, 152Q9 _cTEXL _2cc |
||
| 999 |
_c1015828 _d1015828 |
||